MARC

LEADER 00000nam0a2200000 4500
001 25095
005 20231030200621.0
010 |a 5836000417 
035 |a (RuTPU)RU\TPU\book\25331 
035 |a BOOK00025406 
090 |a 25095 
100 |a 20011209d2000 km y0rusy50 ca 
101 0 |a rus 
102 |a RU 
105 |a y j 000zy 
200 1 |a Оптимизация  |e Теория, примеры, задачи  |f Э. М. Галеев, В. М. Тихомиров 
210 |a Москва  |c Эдиториал УРСС  |d 2000 
215 |a 320 с. 
610 1 |a математика 
610 1 |a оптимизация 
610 1 |a задачи 
610 1 |a экстремальные задачи 
610 1 |a линейное программирование 
610 1 |a вариационное исчисление 
610 1 |a оптимальное управление 
610 1 |a теория 
610 1 |a примеры 
610 1 |a учебные пособия 
675 |a 517.977(075.8)  |v 3 
700 1 |a Галеев  |b Э. М.  |g Эльфат Михайлович 
701 1 |a Тихомиров  |b В. М.  |g Владимир Михайлович 
801 0 |a RU  |b 63413507  |c 20011209  |g PSBO 
801 2 |a RU  |b 63413507  |c 20061212  |g PSBO 
942 |c BK